| 000 | 00872nam a22002537a 4500 | ||
|---|---|---|---|
| 005 | 20170124141722.0 | ||
| 008 | 140909t mx||||| |||| 00| 0 spa d | ||
| 020 | _a9786074483796 | ||
| 050 | 0 | 4 |
_aQP141.S2 _bE87 2014 |
| 100 | 1 | _aEsquivel Hernández, Rosa Isabel | |
| 245 | 1 | 0 |
_aNutrición y salud _c / Rosa Isabel Esquivel Hernández, Silvia María Martínez Correa, José Luis Martínez Correa |
| 250 | _a3a ed. | ||
| 260 |
_aMéxico : _bManual Moderno, _c2014 |
||
| 300 |
_axvi, 163 p. : _bil. ; _c23 cm. |
||
| 504 | _aBibliografía : p. 145-147 | ||
| 504 | _aIncluye glosario e índice | ||
| 506 | _2Bib. Med. ISO 2016 | ||
| 650 | 7 |
_2Lemb _aNutrición |
|
| 650 | 7 |
_2Lemb _aAlimentos _zMéxico |
|
| 650 | 7 |
_2Lemb _aSalud _xNutrición |
|
| 700 | 1 |
_aMartínez Correa, Silvia María, _ecoaut. |
|
| 700 | 1 |
_aMartínez Correa, José Luis, _ecoaut. |
|
| 942 |
_2lcc _cLIB |
||
| 999 |
_c27194 _d27194 |
||